Circle With Me - Spiritbox - Statistics

General Stats
  • This quiz has been taken 9 times
  • The average score is 199 of 270
Answer Stats
𖣠 % Correct
a
100%
A
100%
I
100%
It
100%
of
100%
the
100%
The
100%
you
100%
all
83%
and
83%
be
83%
Circle
83%
could
83%
Feel
83%
feel
83%
if
83%
me
83%
my
83%
no
83%
"This
83%
This
83%
to
83%
weight
83%
When
83%
with
83%
yours
83%
yours"
83%
yours,
83%
altar
67%
as
67%
birds
67%
Birds
67%
control
67%
Cut
67%
cut
67%
down
67%
falter
67%
feedback
67%
flame
67%
hold
67%
I'm
67%
is
67%
just
67%
know
67%
martyr
67%
Negative
67%
never
67%
out
67%
pain
67%
prey
67%
promise
67%
spinning
67%
Visionaire
67%
wanna
67%
watching
67%
But
50%
circling
50%
claim
50%
climb
50%
echo,
50%
echo
50%
enough
50%
escalate,
50%
fire
50%
god
50%
heat
50%
invade
50%
loop
50%
Not
50%
place
50%
strong
50%
there's
50%
They
50%
thoughts
50%
Traitor
50%
traitor
50%
vultures
50%
will
50%
are
33%
change
33%
cold
33%
colors
33%
crushing
33%
deepest
33%
Dirty
33%
dying
33%
fake
33%
frozen,
33%
gold,
33%
Hands
33%
held
33%
power
33%
sickly
33%
sun
33%
sweetness
33%
lost
17%
Nothing
17%
nothing
17%
sacred,
17%
No matching quizzes found
Score Distribution
Percent of People with Each Score
Percentile by Number Answered
Your Score History
You have not taken this quiz